Protection et délinquance: dossiers de la Cour de bien-être social, Québec, 1974

Guardado en:  
Detalles Bibliográficos
Autores principales: Deleury, Edith (Autor) ; Lindsay, Jocelyn (Autor) ; Rivet, Michèle (Autor)
Tipo de documento: Print Libro
Lenguaje:Francés
Publicado: Québec Pr. de l'univ. Laval 1978
En:Año: 1978
Disponibilidad en Tübingen:Disponible en Tübingen.
UB: KB 11 A 733
Verificar disponibilidad: HBZ Gateway
Servicio de pedido Subito: Pedir ahora.

MARC

LEADER 00000cam a22000002c 4500
001 1092991050
003 DE-627
005 20251224220452.0
007 tu
008 910129s1978 xx ||||| 00| ||fre c
035 |a (DE-627)1092991050 
035 |a (DE-576)022991050 
035 |a (DE-599)BSZ022991050 
035 |a (OCoLC)05615921 
040 |a DE-627  |b ger  |c DE-627  |e rakwb 
041 |a fre 
082 0 |a 364.36/09714 
100 1 |a Deleury, Edith  |4 aut 
245 1 0 |a Protection et délinquance  |b dossiers de la Cour de bien-être social, Québec, 1974  |c Edith Deleury; Jocelyn Lindsay; Michèle Rivet 
264 1 |a Québec  |b Pr. de l'univ. Laval  |c 1978 
300 |a XII, 168 S. 
336 |a Text  |b txt  |2 rdacontent 
337 |a ohne Hilfsmittel zu benutzen  |b n  |2 rdamedia 
338 |a Band  |b nc  |2 rdacarrier 
490 0 |a Bibliothèque juridique  |a Ser. B.  |v 2 
583 1 |a Archivierung prüfen  |c 20200919  |f DE-640  |z 1  |2 pdager 
700 1 |a Lindsay, Jocelyn  |4 aut 
700 1 |a Rivet, Michèle  |4 aut 
951 |a BO 
ELC |b 1 
LOK |0 000 xxxxxcx a22 zn 4500 
LOK |0 001 2158215275 
LOK |0 003 DE-627 
LOK |0 004 1092991050 
LOK |0 005 20020606000000 
LOK |0 008 910129||||||||||||||||ger||||||| 
LOK |0 040   |a DE-21  |c DE-627  |d DE-21 
LOK |0 852   |a DE-21 
LOK |0 852 1  |c KB 11 A 733  |9 00 
LOK |0 935   |a krim 
LOK |0 936ln  |a k4.2.4 
LOK |0 939   |a 29-01-91  |b l01 
ORI |a SA-MARC-krimdoka001.raw 
SIG |a UB: KB 11 A 733